授業分析の科学 = Science of class analysis

Gardado en:
Detalles Bibliográficos
Autor Principal: Ogasawara, Michio
Formato: Libro
Idioma:Undetermined
Publicado: Japan 政雄藤原 1967
Những chủ đề:
Các nhãn: Engadir etiqueta
Sen Etiquetas, Sexa o primeiro en etiquetar este rexistro!
Thư viện lưu trữ: Trung tâm Học liệu Trường Đại học Cần Thơ
LEADER 00580nam a2200205Ia 4500
001 CTU_232248
008 210402s9999 xx 000 0 und d
082 |a 370.952 
082 |b O.34/Vol.4 
100 |a Ogasawara, Michio 
245 0 |a 授業分析の科学 = 
245 0 |b Science of class analysis 
245 0 |c 小笠原ミち雄 (Michio Ogasawara) 
260 |a Japan 
260 |b 政雄藤原 
260 |c 1967 
650 |a Giáo dục,Education 
650 |z Nhật Bản,Japan 
910 |a Tuyến 
980 |a Trung tâm Học liệu Trường Đại học Cần Thơ